Lehrbuch Höhere Festigkeitslehre.Band 2. /

Guardado en:
Detalles Bibliográficos
Autor principal: Göldner, Hans (Autor)
Formato: Libro
Lenguaje:alemán
Publicado: Leipzig : Fachbuchverlag, 1992
Edición:3.dopln.vyd.
Etiquetas: Agregar Etiqueta
Sin Etiquetas, Sea el primero en etiquetar este registro!

MARC

LEADER 00000nam a22000003a 4500
001 stu27505
005 20150617225739.8
008 940415s1992----gw------------------ger-d
020 |a 3-343-00805-2 
040 |a STU  |b slo 
041 0 |a ger 
044 |a gw 
080 |a 539.3 
080 |a 539.4.01 
100 1 |a Göldner, Hans  |4 aut 
245 1 |a Lehrbuch Höhere Festigkeitslehre.Band 2. /  |c [aut]Göldner,Hans a kol 
250 |a 3.dopln.vyd. 
260 |a Leipzig :  |b Fachbuchverlag,  |c 1992 
300 |a 355 s 
996 |c V*42467/O-18158  |l VV14  |s P  |a 0  |w stu27505_0001